[Event "Oberliga Ost B"]
[Site "?"]
[Date "2022.11.27"]
[Round "5.3"]
[White "Larkin, Vladyslav"]
[Black "Nazarenus, Moritz"]
[Result "1-0"]
[WhiteElo "2439"]
[BlackElo "2263"]
[PlyCount "41"]
[EventDate "2022.09.18"]
[EventType "team-tourn"]
[EventCountry "GER"]
[WhiteTeam "Emstal Bad Wolfhagen SF"]
[BlackTeam "Schoeneck SF"]
[WhiteTeamCountry "GER"]
[BlackTeamCountry "GER"]

1. e4 c6 2. d4 d5 3. Nd2 dxe4 4. Nxe4 Bf5 5. Ng3 Bg6 6. Nh3 e5 7. dxe5 Qa5+ 8. c3 Qxe5+ 9. Be2 Nd7 10. Bf4 Qd5 11. Qxd5 cxd5 12. O-O-O Ngf6 13. Bf3 Nb6 14. Rhe1+ Kd7 15. Be5 Re8 16. Nf4 Bd6 17. Bxd6 Kxd6 18. h4 h6 19. Nxg6 fxg6 20. Be2 Ne4 21. Bb5 1-0

[Event "Oberliga Ost B"]
[Site "?"]
[Date "2022.11.27"]
[Round "5.6"]
[White "Weiss, Matthias"]
[Black "Kersten, Uwe"]
[Result "1/2-1/2"]
[WhiteElo "2030"]
[BlackElo "2256"]
[PlyCount "82"]
[EventDate "2022.09.18"]
[EventType "team-tourn"]
[EventCountry "GER"]
[WhiteTeam "Schoeneck SF"]
[BlackTeam "Emstal Bad Wolfhagen SF"]
[WhiteTeamCountry "GER"]
[BlackTeamCountry "GER"]

1. e4 c5 2. Nf3 e6 3. c3 Nf6 4. e5 Nd5 5. d4 cxd4 6. cxd4 d6 7. Bc4 Nc6 8. O-O Be7 9. Re1 O-O 10. Qe2 Bd7 11. Nc3 Nxc3 12. bxc3 dxe5 13. dxe5 Qc7 14. Bf4 Rfd8 15. Bd3 Be8 16. Rad1 Rd5 17. Be4 Rxd1 18. Rxd1 Rd8 19. Rxd8 Bxd8 20. Qd3 g6 21. h4 Qa5 22. h5 Bc7 23. hxg6 hxg6 24. Ng5 Bxe5 25. Bxc6 Bxf4 26. Nxe6 Bxc6 27. Nxf4 Qe5 28. Qd4 Qxd4 29. cxd4 Kg7 30. f3 g5 31. Ne2 Kf6 32. Kf2 Ke6 33. Nc3 Bd5 34. a3 Bc4 35. g3 b5 36. Ke3 a5 37. d5+ Ke5 38. f4+ gxf4+ 39. gxf4+ Kf5 40. Kd4 Bf1 41. Kc5 b4 1/2-1/2

[Event "Oberliga Ost B"]
[Site "?"]
[Date "2022.11.27"]
[Round "5.7"]
[White "Rakhmangulova, Anastasiya"]
[Black "Mueller, Achim"]
[Result "1-0"]
[WhiteElo "2287"]
[BlackElo "2107"]
[PlyCount "55"]
[EventDate "2022.09.18"]
[EventType "team-tourn"]
[EventCountry "GER"]
[WhiteTeam "Emstal Bad Wolfhagen SF"]
[BlackTeam "Schoeneck SF"]
[WhiteTeamCountry "GER"]
[BlackTeamCountry "GER"]

1. e4 c5 2. Nf3 d6 3. d4 cxd4 4. Nxd4 Nf6 5. Nc3 a6 6. h3 e5 7. Nf3 Be7 8. Be3 Qc7 9. g4 Be6 10. a4 Nc6 11. g5 Nd7 12. Nd5 Bxd5 13. exd5 Na5 14. b3 O-O 15. c4 b6 16. h4 Nb7 17. Bd3 Nbc5 18. Bc2 a5 19. Qb1 f5 20. Bxf5 Rxf5 21. Qxf5 Rf8 22. Qg4 e4 23. Nd4 Ne5 24. Qh3 Nxb3 25. Nxb3 Qxc4 26. Nd2 Nf3+ 27. Qxf3 Qc3 28. Qd1 1-0

[Event "Oberliga Ost B"]
[Site "?"]
[Date "2022.11.27"]
[Round "5.8"]
[White "Raetsch, Kurt"]
[Black "Dubinski, Leonid"]
[Result "0-1"]
[WhiteElo "1962"]
[BlackElo "2159"]
[PlyCount "58"]
[EventDate "2022.09.18"]
[EventType "team-tourn"]
[EventCountry "GER"]
[WhiteTeam "Schoeneck SF"]
[BlackTeam "Emstal Bad Wolfhagen SF"]
[WhiteTeamCountry "GER"]
[BlackTeamCountry "GER"]

1. e4 c5 2. Nf3 e6 3. Be2 Nc6 4. O-O Qc7 5. c3 Nf6 6. Qc2 d5 7. exd5 Nxd5 8. g3 a6 9. a3 Be7 10. c4 Nf6 11. Nc3 b6 12. b3 Bb7 13. Bb2 Nd4 14. Nxd4 cxd4 15. Nd1 Rd8 16. f3 h5 17. d3 g5 18. Rf2 g4 19. Bc1 h4 20. Bf4 e5 21. Bg5 hxg3 22. hxg3 Rh3 23. Bxf6 Rxg3+ 24. Rg2 Rxg2+ 25. Kxg2 Bxf6 26. Nf2 Bh4 27. Ne4 f5 28. Nf2 e4 29. dxe4 Qg3+ 0-1

[Event "Oberliga Ost B"]
[Site "?"]
[Date "2022.11.27"]
[Round "5.1"]
[White "Teske, Henrik"]
[Black "Sadeghi, Behrang"]
[Result "1/2-1/2"]
[WhiteElo "2469"]
[BlackElo "2241"]
[PlyCount "38"]
[EventDate "2022.09.18"]
[EventType "team-tourn"]
[EventCountry "GER"]
[WhiteTeam "Erfurt SV Empor"]
[BlackTeam "Homburg Bad SK"]
[WhiteTeamCountry "GER"]
[BlackTeamCountry "GER"]

1. e4 c6 2. Nc3 d5 3. Nf3 dxe4 4. Nxe4 Nd7 5. d4 Ngf6 6. Ng3 e6 7. Bc4 b5 8. Bb3 c5 9. dxc5 Bxc5 10. Qe2 Qb6 11. O-O O-O 12. Ng5 Bb7 13. Kh1 a5 14. c3 Qc6 15. f3 Rfe8 16. Bd2 Bf8 17. N5e4 h6 18. a4 Ba6 19. axb5 Qxb5 1/2-1/2

[Event "Oberliga Ost B"]
[Site "?"]
[Date "2022.11.27"]
[Round "5.2"]
[White "Lesny, Florian"]
[Black "Langheinrich, Ferenc"]
[Result "1/2-1/2"]
[WhiteElo "2211"]
[BlackElo "2368"]
[PlyCount "73"]
[EventDate "2022.09.18"]
[EventType "team-tourn"]
[EventCountry "GER"]
[WhiteTeam "Homburg Bad SK"]
[BlackTeam "Erfurt SV Empor"]
[WhiteTeamCountry "GER"]
[BlackTeamCountry "GER"]

1. e4 c6 2. d4 d5 3. Nd2 dxe4 4. Nxe4 Nf6 5. Nxf6+ exf6 6. c3 Bd6 7. Bd3 O-O 8. Qc2 Re8+ 9. Ne2 h5 10. O-O Qc7 11. h3 h4 12. Bd2 Nd7 13. Rae1 Nf8 14. c4 Qd8 15. Kh1 Bc7 16. f4 Rb8 17. f5 Nh7 18. Bf4 Ng5 19. Qd2 b5 20. c5 Rb7 21. Nc3 Rxe1 22. Rxe1 Bxf4 23. Qxf4 Re7 24. Rxe7 Qxe7 25. Ne4 Nxe4 26. Bxe4 Qd7 27. Bf3 Bb7 28. Qb8+ Kh7 29. Qf4 Kg8 30. Kg1 a5 31. Qb8+ Kh7 32. Qf4 Kg8 33. a3 b4 34. axb4 axb4 35. Qb8+ Kh7 36. Qf4 Kg8 37. Qb8+ 1/2-1/2

[Event "Oberliga Ost B"]
[Site "?"]
[Date "2022.11.27"]
[Round "5.3"]
[White "Urban, Lars"]
[Black "Schmidt, Walter"]
[Result "1-0"]
[WhiteElo "2189"]
[BlackElo "2219"]
[PlyCount "81"]
[EventDate "2022.09.18"]
[EventType "team-tourn"]
[EventCountry "GER"]
[WhiteTeam "Erfurt SV Empor"]
[BlackTeam "Homburg Bad SK"]
[WhiteTeamCountry "GER"]
[BlackTeamCountry "GER"]

1. d4 Nf6 2. c4 e6 3. Nf3 b6 4. a3 Bb7 5. Nc3 d5 6. cxd5 Nxd5 7. Qc2 c5 8. e4 Nxc3 9. bxc3 Be7 10. Bb5+ Bc6 11. Bd3 O-O 12. O-O Nd7 13. Rd1 h6 14. a4 Qc7 15. Qe2 Rfe8 16. Nd2 Rad8 17. e5 Nf8 18. Qg4 cxd4 19. cxd4 f5 20. exf6 Bxf6 21. Bb2 Qd7 22. Ne4 Nh7 23. d5 exd5 24. Nxf6+ Nxf6 25. Qg6 Qf7 26. Rdc1 Rc8 27. Bxf6 Qxf6 28. Qxf6 gxf6 29. Ba6 Rc7 30. Rc2 Re4 31. Bb5 Bxb5 32. Rxc7 Bxa4 33. Rxa7 b5 34. Rc1 Rc4 35. Re1 Re4 36. Rxe4 dxe4 37. Rb7 Kf8 38. Kf1 Bc2 39. Ke2 Bd3+ 40. Ke3 Kg8 41. g4 1-0

[Event "Oberliga Ost B"]
[Site "?"]
[Date "2022.11.27"]
[Round "5.4"]
[White "Lenz, Jonas"]
[Black "Michalowski, Peter"]
[Result "1/2-1/2"]
[WhiteElo "2166"]
[BlackElo "2085"]
[PlyCount "34"]
[EventDate "2022.09.18"]
[EventType "team-tourn"]
[EventCountry "GER"]
[WhiteTeam "Homburg Bad SK"]
[BlackTeam "Erfurt SV Empor"]
[WhiteTeamCountry "GER"]
[BlackTeamCountry "GER"]

1. d4 Nf6 2. c4 e6 3. g3 d5 4. Nf3 Be7 5. Bg2 O-O 6. O-O dxc4 7. Qc2 a6 8. a4 Bd7 9. Qxc4 Bc6 10. Bf4 a5 11. Nc3 Bd6 12. Bc1 Na6 13. Re1 Bd5 14. Nxd5 exd5 15. Qb3 Nb4 16. Bd2 Re8 17. Ng5 h6 1/2-1/2

[Event "Oberliga Ost B"]
[Site "?"]
[Date "2022.11.27"]
[Round "5.5"]
[White "Heinke, Jasper"]
[Black "Erdmann, Stefan"]
[Result "1/2-1/2"]
[WhiteElo "2023"]
[BlackElo "2162"]
[PlyCount "27"]
[EventDate "2022.09.18"]
[EventType "team-tourn"]
[EventCountry "GER"]
[WhiteTeam "Erfurt SV Empor"]
[BlackTeam "Homburg Bad SK"]
[WhiteTeamCountry "GER"]
[BlackTeamCountry "GER"]

1. e4 c5 2. Nf3 Nc6 3. d4 cxd4 4. Nxd4 Nf6 5. Nc3 d6 6. Bg5 e6 7. Qd2 Be7 8. O-O-O Nxd4 9. Qxd4 O-O 10. f4 Qa5 11. Bd3 e5 12. Qg1 Be6 13. Qe1 Bd8 14. Kb1 1/2-1/2

[Event "Oberliga Ost B"]
[Site "?"]
[Date "2022.11.27"]
[Round "5.6"]
[White "Kaliski, Erwin"]
[Black "Nicolai, Tim"]
[Result "1-0"]
[WhiteElo "2216"]
[BlackElo "2004"]
[PlyCount "55"]
[EventDate "2022.09.18"]
[EventType "team-tourn"]
[EventCountry "GER"]
[WhiteTeam "Homburg Bad SK"]
[BlackTeam "Erfurt SV Empor"]
[WhiteTeamCountry "GER"]
[BlackTeamCountry "GER"]

1. e4 c5 2. c3 d5 3. exd5 Qxd5 4. d4 g6 5. Be3 Bg7 6. Be2 cxd4 7. Nf3 Nc6 8. cxd4 Nh6 9. Nc3 Qa5 10. d5 Nb4 11. Bb5+ Kf8 12. O-O Nf5 13. Nd4 Nd6 14. a3 Na6 15. b4 Nxb4 16. axb4 Qxb4 17. Qd3 Bf5 18. Nxf5 Nxf5 19. Rac1 Be5 20. Bd7 Qh4 21. g3 Qh5 22. Bxf5 gxf5 23. Bd4 f4 24. Rfe1 fxg3 25. hxg3 Bxd4 26. Qxd4 Rg8 27. d6 e6 28. Ne4 1-0

[Event "Oberliga Ost B"]
[Site "?"]
[Date "2022.11.27"]
[Round "5.8"]
[White "Kaiser, Richard"]
[Black "Pichl, Michael"]
[Result "1-0"]
[WhiteElo "2108"]
[BlackElo "1792"]
[PlyCount "71"]
[EventDate "2022.09.18"]
[EventType "team-tourn"]
[EventCountry "GER"]
[WhiteTeam "Homburg Bad SK"]
[BlackTeam "Erfurt SV Empor"]
[WhiteTeamCountry "GER"]
[BlackTeamCountry "GER"]

1. e4 g6 2. d4 Bg7 3. Nc3 d6 4. Nf3 Nd7 5. Be2 c5 6. O-O cxd4 7. Nxd4 a6 8. a4 Ngf6 9. Re1 O-O 10. Bf1 Nc5 11. h3 Bd7 12. g3 e5 13. Nb3 Nxb3 14. cxb3 Bc6 15. Bg2 Ne8 16. Be3 f5 17. Nd5 f4 18. gxf4 exf4 19. Nxf4 Qh4 20. Ne6 Qe7 21. Nxf8 Bxf8 22. Bd4 Nf6 23. e5 Nh5 24. Bxc6 bxc6 25. exd6 Qxd6 26. Be5 Qb4 27. Qd3 Nf4 28. Bxf4 Qxf4 29. Re4 Qf6 30. Qc4+ Kh8 31. Qc3 Bg7 32. Qxf6 Bxf6 33. Rc1 Rb8 34. Rxc6 Bxb2 35. Rxa6 Ba3 36. Ra7 1-0

[Event "Oberliga Ost B"]
[Site "?"]
[Date "2022.11.27"]
[Round "5.1"]
[White "Khenkin, Igor"]
[Black "Dietz, Holger"]
[Result "1-0"]
[WhiteElo "2505"]
[BlackElo "2278"]
[PlyCount "101"]
[EventDate "2022.09.18"]
[EventType "team-tourn"]
[EventCountry "GER"]
[WhiteTeam "Wiesbadener SV"]
[BlackTeam "Gernsheim SK"]
[WhiteTeamCountry "GER"]
[BlackTeamCountry "GER"]

1. Nf3 d5 2. g3 Nf6 3. Bg2 Bg4 4. h3 Bxf3 5. Bxf3 c6 6. d3 Nbd7 7. O-O e5 8. e4 dxe4 9. dxe4 Bc5 10. Nd2 Qe7 11. a4 a5 12. Kg2 O-O 13. Nc4 Rfd8 14. Qe2 Ne8 15. Bd2 b6 16. Rfd1 Nd6 17. Nxd6 Bxd6 18. Qc4 Bc5 19. Be1 Nf6 20. Rxd8+ Rxd8 21. c3 Ne8 22. b4 Nd6 23. Qa6 axb4 24. cxb4 Bd4 25. Rc1 Qc7 26. a5 Rb8 27. Be2 h6 28. b5 c5 29. axb6 Rxb6 30. Ba5 Rxa6 31. Bxc7 Ra2 32. Kf1 Nxe4 33. b6 Rb2 34. Ba6 c4 35. b7 Ba7 36. Bxe5 Rxf2+ 37. Ke1 Rf3 38. b8=Q+ Bxb8 39. Bxb8 Nxg3 40. Rxc4 Nf5 41. Bc8 g6 42. h4 Kh7 43. h5 Ng7 44. Ke2 Ra3 45. hxg6+ fxg6 46. Rc7 h5 47. Ba7 Ra4 48. Kd3 Kg8 49. Bd4 Nf5 50. Be6+ Kf8 51. Bc5+ 1-0

[Event "Oberliga Ost B"]
[Site "?"]
[Date "2022.11.27"]
[Round "5.2"]
[White "Mazurek, Robert"]
[Black "Geske, Julian"]
[Result "1-0"]
[WhiteElo "2202"]
[BlackElo "2394"]
[PlyCount "79"]
[EventDate "2022.09.18"]
[EventType "team-tourn"]
[EventCountry "GER"]
[WhiteTeam "Gernsheim SK"]
[BlackTeam "Wiesbadener SV"]
[WhiteTeamCountry "GER"]
[BlackTeamCountry "GER"]

1. d4 Nf6 2. c4 c6 3. Nc3 d5 4. Nf3 dxc4 5. e4 b5 6. Be2 e6 7. O-O Bb7 8. b3 cxb3 9. e5 Nd5 10. Nxd5 Qxd5 11. axb3 Be7 12. Bg5 a6 13. Bxe7 Kxe7 14. Qc2 f5 15. exf6+ gxf6 16. Bd3 Nd7 17. Be4 Qd6 18. Rfe1 Rhg8 19. Bf5 Nf8 20. Bxe6 Nxe6 21. Qxh7+ Kf8 22. Qxb7 Rd8 23. Rxa6 Qd5 24. Qxc6 Qxc6 25. Rxc6 Nxd4 26. Nxd4 Rxd4 27. Rxf6+ Kg7 28. Rb6 Re8 29. Rc1 Rb4 30. g3 Rxb3 31. Rc7+ Kg8 32. Rbb7 b4 33. h4 Rb1+ 34. Kg2 b3 35. h5 b2 36. Rg7+ Kh8 37. Rh7+ Kg8 38. Rbg7+ Kf8 39. h6 Rg1+ 40. Kf3 1-0

[Event "Oberliga Ost B"]
[Site "?"]
[Date "2022.11.27"]
[Round "5.3"]
[White "Dubkov, Andrej"]
[Black "Neumann, Martin"]
[Result "1-0"]
[WhiteElo "2325"]
[BlackElo "2122"]
[PlyCount "129"]
[EventDate "2022.09.18"]
[EventType "team-tourn"]
[EventCountry "GER"]
[WhiteTeam "Wiesbadener SV"]
[BlackTeam "Gernsheim SK"]
[WhiteTeamCountry "GER"]
[BlackTeamCountry "GER"]

1. d4 d5 2. c4 e6 3. Nc3 Nf6 4. cxd5 exd5 5. Bg5 Be7 6. e3 O-O 7. Bd3 c6 8. Qc2 Nbd7 9. Nf3 Re8 10. h3 Nf8 11. O-O Ne4 12. Bf4 f5 13. Ne5 Bg5 14. Bh2 Qf6 15. f4 Bh6 16. g4 Nxc3 17. bxc3 fxg4 18. hxg4 g5 19. fxg5 Qxg5 20. Bf4 Qh4 21. Bxh7+ Kg7 22. Bxh6+ Kxh6 23. Kg2 Rxe5 24. Rh1 Rh5 25. Rxh4 Rxh4 26. Bf5 Bxf5 27. Qxf5 Ng6 28. Rf1 Re8 29. Rf3 Re4 30. Rg3 Re7 31. g5+ Kg7 32. Qf6+ Kh7 33. a4 a6 34. a5 Rg7 35. Rh3 Rxh3 36. Kxh3 Re7 37. Kg2 Nh4+ 38. Kf2 Ng6 39. Ke2 Rg7 40. Kd3 Kg8 41. Qe6+ Kh7 42. Qf5 Re7 43. c4 dxc4+ 44. Kxc4 Kg7 45. Qf6+ Kh7 46. e4 Rc7 47. Kc5 Rg7 48. Qf5 Kg8 49. Qe6+ Kh7 50. Kb6 Nf8 51. Qh3+ Kg8 52. Qb3+ Kh7 53. Ka7 Kg6 54. Qh3 Rd7 55. Qf5+ Kg7 56. Qf6+ Kg8 57. Kb8 Rf7 58. Qd8 Kg7 59. Qc8 Rd7 60. Qe8 Rf7 61. Kc8 Kg6 62. e5 Kg7 63. e6 Rf5 64. e7 Ng6 65. Qd7 1-0

[Event "Oberliga Ost B"]
[Site "?"]
[Date "2022.11.27"]
[Round "5.4"]
[White "Mueller, Maximilian"]
[Black "Bakiev, Diyor"]
[Result "1-0"]
[WhiteElo "2307"]
[BlackElo "2185"]
[PlyCount "123"]
[EventDate "2022.09.18"]
[EventType "team-tourn"]
[EventCountry "GER"]
[WhiteTeam "Gernsheim SK"]
[BlackTeam "Wiesbadener SV"]
[WhiteTeamCountry "GER"]
[BlackTeamCountry "GER"]

1. e4 c6 2. c4 d5 3. exd5 cxd5 4. cxd5 Nf6 5. Qa4+ Nbd7 6. Nc3 g6 7. Nf3 Bg7 8. Bc4 O-O 9. d3 a6 10. Qa3 b6 11. O-O Bb7 12. Re1 b5 13. Bb3 Nb6 14. Qxe7 Bxd5 15. Qxd8 Rfxd8 16. Nxd5 Nfxd5 17. d4 a5 18. a3 a4 19. Ba2 Rdc8 20. Bd2 Rc2 21. Rab1 Bxd4 22. Nxd4 Rxd2 23. Nxb5 Nf4 24. Re7 Rad8 25. Nc3 Nbd5 26. Nxd5 Nxd5 27. Bxd5 R8xd5 28. Kf1 Rc5 29. Re2 Rcc2 30. Rxd2 Rxd2 31. g3 Kg7 32. Rc1 Rxb2 33. Rc4 h5 34. Rxa4 Ra2 35. Ra6 Kg8 36. Kg2 Kf8 37. Ra7 Kg7 38. Kf3 Kf6 39. h4 Rc2 40. Ra4 Ra2 41. Ke3 Kg7 42. f3 Rg2 43. Kf4 Rc2 44. Re4 Kf6 45. g4 hxg4 46. fxg4 Rf2+ 47. Ke3 Ra2 48. a4 Kg7 49. Rc4 Rh2 50. g5 Rh3+ 51. Kd2 Kf8 52. Re4 Kg7 53. Rf4 Kf8 54. Kc2 Ke7 55. Kb2 Kd6 56. a5 Kc5 57. Ra4 Kb5 58. a6 Kxa4 59. a7 Rh2+ 60. Kc3 Rh3+ 61. Kd2 Rxh4 62. a8=Q+ 1-0

[Event "Oberliga Ost B"]
[Site "?"]
[Date "2022.11.27"]
[Round "5.5"]
[White "Minor, Samuel"]
[Black "Mao, Kevin"]
[Result "1/2-1/2"]
[WhiteElo "2210"]
[BlackElo "2034"]
[PlyCount "44"]
[EventDate "2022.09.18"]
[EventType "team-tourn"]
[EventCountry "GER"]
[WhiteTeam "Wiesbadener SV"]
[BlackTeam "Gernsheim SK"]
[WhiteTeamCountry "GER"]
[BlackTeamCountry "GER"]

1. e4 e5 2. Nf3 Nc6 3. Bc4 Bc5 4. c3 Nf6 5. d3 d6 6. O-O O-O 7. Nbd2 Bb6 8. Bb3 Ne7 9. a4 c6 10. Nc4 Bc7 11. Bg5 Ng6 12. Nh4 Nf4 13. Nf5 Bxf5 14. exf5 d5 15. Ne3 Qd6 16. Bxf6 Qxf6 17. g3 d4 18. gxf4 dxe3 19. fxe3 exf4 20. e4 g6 21. d4 c5 22. Kh1 cxd4 1/2-1/2

[Event "Oberliga Ost B"]
[Site "?"]
[Date "2022.11.27"]
[Round "5.6"]
[White "Schupp, Uwe"]
[Black "Tuzi, Bruna"]
[Result "1-0"]
[WhiteElo "2111"]
[BlackElo "2053"]
[PlyCount "67"]
[EventDate "2022.09.18"]
[EventType "team-tourn"]
[EventCountry "GER"]
[WhiteTeam "Gernsheim SK"]
[BlackTeam "Wiesbadener SV"]
[WhiteTeamCountry "GER"]
[BlackTeamCountry "GER"]

1. Nf3 d5 2. g3 Nf6 3. Bg2 Bg4 4. c4 c6 5. cxd5 Bxf3 6. Bxf3 cxd5 7. O-O Nc6 8. d3 e6 9. Nc3 Be7 10. Qa4 O-O 11. e4 d4 12. Nb1 Rc8 13. Bd2 Nd7 14. b4 Qb6 15. Na3 Nde5 16. Be2 Nxb4 17. Rab1 Qa6 18. Rxb4 Bxb4 19. Qxa6 bxa6 20. Bxb4 Rfd8 21. f4 Nc6 22. Bd2 Rb8 23. Nc4 Nb4 24. Bxb4 Rxb4 25. Bd1 Rc8 26. f5 e5 27. Nxe5 Rc3 28. Bb3 Rb7 29. Bc4 Kf8 30. Nc6 Rc2 31. Rf2 Rc1+ 32. Kg2 Rd7 33. Rb2 g6 34. f6 1-0

[Event "Oberliga Ost B"]
[Site "?"]
[Date "2022.11.27"]
[Round "5.7"]
[White "Buchholz, Maja"]
[Black "Krinke, Michael"]
[Result "1-0"]
[WhiteElo "1695"]
[BlackElo "1997"]
[PlyCount "101"]
[EventDate "2022.09.18"]
[EventType "team-tourn"]
[EventCountry "GER"]
[WhiteTeam "Wiesbadener SV"]
[BlackTeam "Gernsheim SK"]
[WhiteTeamCountry "GER"]
[BlackTeamCountry "GER"]

1. c4 d6 2. g3 c6 3. Bg2 Nd7 4. Nc3 e5 5. Nf3 Be7 6. O-O h5 7. d4 h4 8. dxe5 dxe5 9. Ne4 hxg3 10. hxg3 Qc7 11. Qc2 Nh6 12. Rd1 Nc5 13. Nxc5 Bxc5 14. Qc3 Ng4 15. e3 Qe7 16. a3 a5 17. b3 Bf5 18. b4 Bb6 19. Bb2 Bc7 20. Rd2 axb4 21. axb4 Rxa1+ 22. Bxa1 Be4 23. Qa3 O-O 24. Bc3 Rd8 25. Qb2 Bd3 26. c5 e4 27. Ne1 Qg5 28. Nxd3 exd3 29. Bd4 Ne5 30. Qc1 Qg4 31. Qc3 f6 32. b5 cxb5 33. Bxb7 Rb8 34. Bd5+ Kf8 35. Kg2 b4 36. Qa1 Qg6 37. Qa7 Rd8 38. Qb7 Qh5 39. Bxe5 Qxe5 40. Rxd3 Rb8 41. Qc6 Qe7 42. Rd4 Be5 43. Rd3 Qe8 44. Qa6 Qc8 45. Qc4 b3 46. Rd1 b2 47. Be4 f5 48. Bb1 Qc6+ 49. e4 Bf6 50. Kg1 Rc8 51. Ba2 1-0

[Event "Oberliga Ost B"]
[Site "?"]
[Date "2022.11.27"]
[Round "5.8"]
[White "Rosenberger, Frank"]
[Black "Knoedler, Marcel"]
[Result "1-0"]
[WhiteElo "2033"]
[BlackElo "1836"]
[PlyCount "41"]
[EventDate "2022.09.18"]
[EventType "team-tourn"]
[EventCountry "GER"]
[WhiteTeam "Gernsheim SK"]
[BlackTeam "Wiesbadener SV"]
[WhiteTeamCountry "GER"]
[BlackTeamCountry "GER"]

1. e4 g6 2. d4 Bg7 3. Nc3 d6 4. Be3 Nf6 5. f3 Nbd7 6. Qd2 h5 7. O-O-O e5 8. dxe5 Nxe5 9. h3 Be6 10. Bg5 Qc8 11. f4 Ned7 12. Nf3 Nc5 13. Qd4 Ncd7 14. f5 gxf5 15. exf5 Bxf5 16. Re1+ Kf8 17. Qf4 Nb6 18. Bd3 Bxd3 19. Bxf6 Bg6 20. Nh4 Bh7 21. Rhf1 1-0

[Event "Oberliga Ost B"]
[Site "?"]
[Date "2022.11.27"]
[Round "5.1"]
[White "Philipp, Mathias"]
[Black "Poetsch, Hagen"]
[Result "0-1"]
[WhiteElo "2172"]
[BlackElo "2473"]
[PlyCount "62"]
[EventDate "2022.09.18"]
[EventType "team-tourn"]
[EventCountry "GER"]
[WhiteTeam "Weimar SV Vimaria"]
[BlackTeam "Heusenstamm SC"]
[WhiteTeamCountry "GER"]
[BlackTeamCountry "GER"]

1. e4 c5 2. Nf3 d6 3. c3 Nf6 4. Be2 Nbd7 5. Qc2 g6 6. O-O Bg7 7. d4 Qc7 8. d5 O-O 9. c4 e6 10. dxe6 fxe6 11. Nc3 Ne8 12. Bg5 Ne5 13. Rad1 Bd7 14. Nxe5 Bxe5 15. Bg4 Nf6 16. Bh3 Rae8 17. g3 Bc6 18. Bg2 Bxc3 19. bxc3 Nd7 20. f4 Nb6 21. Qd3 Qg7 22. g4 e5 23. Qxd6 h6 24. Bh4 exf4 25. Qxc5 Na4 26. Qxa7 Nxc3 27. Rd6 Ne2+ 28. Kh1 f3 29. Bxf3 Rxf3 30. Rxf3 Bxe4 31. Rdf6 Qxf6 0-1

[Event "Oberliga Ost B"]
[Site "?"]
[Date "2022.11.27"]
[Round "5.2"]
[White "Zuyev, Igor"]
[Black "Aepfler, Christian"]
[Result "1/2-1/2"]
[WhiteElo "2456"]
[BlackElo "2183"]
[PlyCount "115"]
[EventDate "2022.09.18"]
[EventType "team-tourn"]
[EventCountry "GER"]
[WhiteTeam "Heusenstamm SC"]
[BlackTeam "Weimar SV Vimaria"]
[WhiteTeamCountry "GER"]
[BlackTeamCountry "GER"]

1. e4 c6 2. d4 d5 3. exd5 cxd5 4. Bd3 Nc6 5. c3 Nf6 6. Bf4 Bg4 7. Qb3 Qb6 8. Qxb6 axb6 9. Na3 e6 10. Nb5 Kd7 11. h3 Bh5 12. Ne2 Bg6 13. Bxg6 hxg6 14. O-O Ne8 15. Nc1 Bd6 16. Nxd6 Nxd6 17. Nd3 Ra7 18. Rfe1 Rha8 19. a3 Nc4 20. Re2 Ra5 21. Rae1 Rb5 22. Nb4 Rba5 23. g3 Rc8 24. Nd3 Rb5 25. Rd1 Rb3 26. f3 Ra8 27. Kf2 Rb5 28. Nb4 Rba5 29. a4 R5a7 30. b3 N4a5 31. Rb2 Rc8 32. Nd3 Raa8 33. h4 Ne7 34. Rc1 Nac6 35. g4 Rh8 36. Kg3 Rh7 37. Ra1 Rah8 38. Rh2 f6 39. Rah1 Ra8 40. Re1 Rah8 41. Bd2 g5 42. h5 g6 43. Reh1 gxh5 44. Rxh5 Nf5+ 45. Kf2 Rxh5 46. Rxh5 Rxh5 47. gxh5 Ke7 48. Kg2 Kf7 49. Kh3 Nce7 50. f4 gxf4 51. Bxf4 Nc8 52. Bc7 Nfd6 53. Kg4 Ne4 54. c4 Nd2 55. cxd5 exd5 56. Nc1 Ne4 57. Ne2 b5 58. axb5 1/2-1/2

[Event "Oberliga Ost B"]
[Site "?"]
[Date "2022.11.27"]
[Round "5.3"]
[White "Mysliwiec, Joerg"]
[Black "Solonar, Stefan"]
[Result "1-0"]
[WhiteElo "2101"]
[BlackElo "2282"]
[PlyCount "91"]
[EventDate "2022.09.18"]
[EventType "team-tourn"]
[EventCountry "GER"]
[WhiteTeam "Weimar SV Vimaria"]
[BlackTeam "Heusenstamm SC"]
[WhiteTeamCountry "GER"]
[BlackTeamCountry "GER"]

1. b3 e5 2. Bb2 Nc6 3. e3 Nf6 4. c4 Be7 5. d3 O-O 6. Nf3 e4 7. dxe4 Nxe4 8. Nbd2 Nc5 9. a3 a5 10. Qc2 d6 11. Be2 Bf6 12. Nd4 Re8 13. N2f3 Bg4 14. O-O Qd7 15. Rad1 Bh5 16. Ba1 Bg6 17. Qa2 Be4 18. Nxc6 Bxa1 19. Ncd4 Bc3 20. Rc1 Bxd4 21. Nxd4 Qe7 22. Rfd1 Qg5 23. Bf3 Qg6 24. Bxe4 Nxe4 25. Qc2 Qg5 26. Nf3 Qc5 27. Qb2 c6 28. b4 axb4 29. axb4 Qb6 30. Ra1 Ra6 31. h3 Rea8 32. Rxa6 Qxa6 33. Qd4 Qa4 34. b5 Qc2 35. Rf1 Re8 36. Ne1 Qa4 37. bxc6 bxc6 38. Nd3 Qb3 39. Ra1 g6 40. Ra7 Qd1+ 41. Kh2 Qd2 42. Rb7 Nc5 43. Rxf7 Ne6 44. Qxd6 Ng5 45. Rd7 Qc3 46. Qxc6 1-0

[Event "Oberliga Ost B"]
[Site "?"]
[Date "2022.11.27"]
[Round "5.4"]
[White "Klundt, Klaus"]
[Black "Bock, Marlon"]
[Result "1-0"]
[WhiteElo "2273"]
[BlackElo "1960"]
[PlyCount "61"]
[EventDate "2022.09.18"]
[EventType "team-tourn"]
[EventCountry "GER"]
[WhiteTeam "Heusenstamm SC"]
[BlackTeam "Weimar SV Vimaria"]
[WhiteTeamCountry "GER"]
[BlackTeamCountry "GER"]

1. e4 c5 2. Nf3 Nc6 3. d4 cxd4 4. Nxd4 Nf6 5. Nc3 e5 6. Ndb5 d6 7. Bg5 a6 8. Na3 b5 9. Nd5 Be7 10. Bxf6 Bxf6 11. c4 b4 12. Nc2 O-O 13. g3 a5 14. h4 Be6 15. Bh3 Rc8 16. Kf1 g6 17. Kg2 Bg7 18. Qd3 Nb8 19. h5 Nd7 20. hxg6 hxg6 21. Nce3 Nc5 22. Qc2 Rc6 23. Rad1 Qd7 24. Nf5 gxf5 25. exf5 e4 26. Qe2 f6 27. fxe6 Nxe6 28. Qxe4 Re8 29. Rde1 Kf7 30. Bf5 Rcc8 31. Qg4 1-0

[Event "Oberliga Ost B"]
[Site "?"]
[Date "2022.11.27"]
[Round "5.5"]
[White "Riedel, Finn"]
[Black "Roeschlau, Bernd"]
[Result "0-1"]
[WhiteElo "2134"]
[BlackElo "2214"]
[PlyCount "84"]
[EventDate "2022.09.18"]
[EventType "team-tourn"]
[EventCountry "GER"]
[WhiteTeam "Weimar SV Vimaria"]
[BlackTeam "Heusenstamm SC"]
[WhiteTeamCountry "GER"]
[BlackTeamCountry "GER"]

1. e4 e5 2. Nf3 Nc6 3. Bc4 Nf6 4. O-O Bc5 5. c3 Bb6 6. d3 d6 7. b4 a5 8. b5 Ne7 9. a4 O-O 10. Be3 c6 11. Bxb6 Qxb6 12. bxc6 bxc6 13. Nbd2 Ng6 14. Rb1 Qc5 15. Nb3 Qa7 16. Qd2 Nf4 17. Qe3 Qxe3 18. fxe3 Ne2+ 19. Kh1 Nxc3 20. Ra1 d5 21. exd5 cxd5 22. Bb5 e4 23. dxe4 dxe4 24. Ne5 Be6 25. Nd4 Nxb5 26. axb5 Nd5 27. Nxe6 fxe6 28. Nc6 Rxf1+ 29. Rxf1 a4 30. Ra1 Kf8 31. Kg1 Ke8 32. Kf2 Kd7 33. Ra3 Kd6 34. Ke2 Kc5 35. Ra1 a3 36. Kd2 a2 37. Nd4 e5 38. Rc1+ Kb6 39. Rc6+ Kb7 40. Nb3 a1=Q 41. Nc5+ Kb8 42. Nd7+ Ka7 0-1